[Event "Ptuj op"]
[Site "Ptuj"]
[Date "2015.08.03"]
[Round "1"]
[White "Zupancic, Jernej"]
[Black "Kocar, Borut"]
[Result "1-0"]
[WhiteElo "2194"]
[BlackElo "1800"]
[PlyCount "45"]
[EventDate "2015.08.03"]
[EventType "swiss"]
[EventRounds "9"]
[EventCountry "SLO"]
[SourceTitle "CBM 167 Extra"]
[Source "ChessBase"]
[SourceDate "2015.09.14"]
[SourceVersion "1"]
[SourceVersionDate "2015.09.14"]
[SourceQuality "1"]

1. d4 f5 2. Nf3 e6 3. g3 d5 4. c4 Bb4+ 5. Bd2 Bxd2+ 6. Nbxd2 c6 7. Bg2 Nf6 8. 0-0 0-0 9. b4 Na6 10. a3 Nc7 11. Ne5 Bd7 12. Nb3 Nce8 13. Nc5 Bc8 14. Rc1 Nd6 15. Qb3 Kh8 16. a4 Qe7 17. b5 Bd7 18. cxd5 cxd5 19. Ncxd7 Nxd7 20. Rc7 Rfd8 21. Qb4 Rab8 22. Qxd6 Qxd6 23. Nf7+ 1-0

[Event "SLO-CupT"]
[Site "Ljubljana"]
[Date "2013.09.22"]
[Round "4.2"]
[White "Grilc, Andrej"]
[Black "Kocar, Borut"]
[Result "1-0"]
[WhiteElo "2098"]
[BlackElo "1835"]
[PlyCount "39"]
[EventDate "2013.09.20"]
[EventType "team-swiss"]
[EventRounds "5"]
[EventCountry "SLO"]
[SourceTitle "EXT 2019"]
[Source "ChessBase"]
[SourceDate "2018.10.10"]
[SourceVersion "1"]
[SourceVersionDate "2018.10.10"]
[SourceQuality "1"]
[WhiteTeam "Sevnica Majcen"]
[BlackTeam "En Passant"]
[WhiteTeamCountry "SLO"]
[BlackTeamCountry "SLO"]

1. e4 e6 2. d4 d5 3. Nc3 Nf6 4. Bg5 dxe4 5. Nxe4 Nbd7 6. Nf3 Be7 7. Nxf6+ Nxf6 8. Bd3 Nd5 9. h4 h6 10. Bd2 c5 11. Ne5 Bxh4 12. Qh5 Bxf2+ 13. Kxf2 Qf6+ 14. Kg1 Nf4 15. Bb5+ Kf8 16. Bxf4 Qxf4 17. Rf1 Qxd4+ 18. Kh2 Ke7 19. Rxf7+ Kd6 20. Nc4+ 1-0

[Event "SLO-CupT"]
[Site "Ljubljana"]
[Date "2013.09.20"]
[Round "1.2"]
[White "Beletic, Daniel"]
[Black "Kocar, Borut"]
[Result "1-0"]
[WhiteElo "2249"]
[BlackElo "1835"]
[PlyCount "51"]
[EventDate "2013.09.20"]
[EventType "team-swiss"]
[EventRounds "5"]
[EventCountry "SLO"]
[SourceTitle "EXT 2019"]
[Source "ChessBase"]
[SourceDate "2018.10.10"]
[SourceVersion "1"]
[SourceVersionDate "2018.10.10"]
[SourceQuality "1"]
[WhiteTeam "Nova Gorica"]
[BlackTeam "En Passant"]
[WhiteTeamCountry "SLO"]
[BlackTeamCountry "SLO"]

1. Nf3 c5 2. c4 g6 3. d4 Qa5+ 4. Bd2 Qc7 5. Nc3 e6 6. e3 Nf6 7. Nb5 Qd8 8. dxc5 Bxc5 9. Bc3 0-0 10. Qc2 a6 11. Nbd4 d5 12. h4 Ne4 13. Bd3 Nxc3 14. Qxc3 Nc6 15. Nxc6 bxc6 16. h5 Rb8 17. a3 Qe7 18. hxg6 fxg6 19. Bxg6 hxg6 20. Rh8+ Kf7 21. Rh7+ Ke8 22. Rxe7+ Bxe7 23. cxd5 Bf6 24. Ne5 exd5 25. Qxc6+ Kd8 26. Qd6+ 1-0

[Event "Dubrovnik op"]
[Site "Dubrovnik"]
[Date "2008.04.24"]
[Round "1"]
[White "Kristovic, Marijan"]
[Black "Kocar, Borut"]
[Result "1-0"]
[WhiteElo "2345"]
[BlackElo "1892"]
[PlyCount "75"]
[EventDate "2008.04.24"]
[EventType "swiss"]
[EventRounds "7"]
[EventCountry "CRO"]
[SourceTitle "CBM 124 Extra"]
[Source "ChessBase"]
[SourceDate "2008.07.03"]
[SourceVersion "1"]
[SourceVersionDate "2008.07.03"]
[SourceQuality "1"]

1. e4 e6 2. Qe2 c5 3. Nf3 Nc6 4. c3 Be7 5. g3 d5 6. d3 d4 7. Bg2 e5 8. h3 h6 9. 0-0 Be6 10. Na3 Qd7 11. Kh2 Rd8 12. Ne1 c4 13. Nxc4 Bxc4 14. dxc4 d3 15. Qd2 Bg5 16. f4 exf4 17. gxf4 Bh4 18. Nf3 Be7 19. Rd1 g5 20. Qf2 g4 21. Ne1 Nf6 22. Rxd3 Qc7 23. Rxd8+ Nxd8 24. e5 Rg8 25. Qxa7 gxh3 26. Qa4+ Kf8 27. exf6 hxg2 28. Nxg2 Bxf6 29. Be3 Ne6 30. Rf1 Ng5 31. Qb4+ Be7 32. Qb5 Ne4 33. Rd1 Qc8 34. f5 Nd6 35. Bxh6+ Rg7 36. Bxg7+ Kxg7 37. Qe5+ f6 38. Qxe7+ 1-0